Normal view
MARC view
- LEARNING TO LIVE WITH THE BOMB PAKISTAN :1998-2016
Entry Topical Term
001 - CONTROL NUMBER
- control field: 69516
003 - CONTROL NUMBER IDENTIFIER
- control field: NUST
005 - DATE AND TIME OF LATEST TRANSACTION
- control field: 20210628204236.0
008 - FIXED-LENGTH DATA ELEMENTS
- fixed length control field: 210628|| aca||aabn | a|a d
040 ## - CATALOGING SOURCE
- Original cataloging agency: NUST
- Transcribing agency: NUST
150 ## - HEADING--TOPICAL TERM
- Topical term or geographic name entry element: LEARNING TO LIVE WITH THE BOMB PAKISTAN :1998-2016
670 ## - SOURCE DATA FOUND
- Source citation: Work cat.: (NUST): Salik, Naeem 30768, Learning to live with the bomb pakistan :1998-2016, 2017
